| 000 | 00974nam a22002537a 4500 | ||
|---|---|---|---|
| 005 | 20170124103146.0 | ||
| 010 | _aA-886511 | ||
| 020 | _c150.00 | ||
| 035 | _aA-886511 | ||
| 037 | _bCen Lib/Ret | ||
| 040 |
_aDPL _bHN |
||
| 082 |
_a080 _bकमले |
||
| 100 |
_aकमलेश्वर _986237 |
||
| 245 |
_aघटनाचक्र / _cकमलेश्वर |
||
| 246 |
_aGhatnachakra / _bby Kamleshwar |
||
| 260 |
_aनई दिल्ली _bसामायिक प्रकाशन _c1997 |
||
| 270 |
_a3543, जटवाडा, दरियागंज _bनई दिल्ली _e110002 |
||
| 300 |
_a192पृ. _c21सेमी(सजिल्द) |
||
| 650 |
_aसामान्य संग्रह _9239 |
||
| 650 |
_aराष्ट्रीयता का संघर्ष _984582 |
||
| 650 |
_aGeneral collection _986238 |
||
| 650 |
_aConflict of Nationality _986239 |
||
| 942 |
_2ddc _cHN _h080 _mकमले |
||
| 999 |
_c119690 _d119690 |
||